Adivina el personaje #3 - Estadísticas

Estadísticas generales
  • Esta prueba ha sido intentada 103 veces
  • La puntuación promedio es 8 de 16
Estadísticas de respuestas
Imagen Respuesta % Correcto
Silvestre
87%
Perla
82%
BMO
74%
Steven
74%
Teodoro
70%
Bluey
68%
Benson
60%
Speedy Gonzáles
51%
Juanito
33%
Jaimito
32%
Jorgito
32%
Alberto
28%
Nave
28%
Oddie
28%
Sr. Gus
26%
Valeriano
7%
No se encontraron pruebas coincidentes
Distribución de puntuación
Porcentaje de gente con cada puntuación
Porcentaje por número respondido
Historial de tus puntuaciones
No has intentado esta prueba.